101 Figuras de la Mitología Griega - Estadísticas

Estadísticas generales
  • Esta prueba ha sido intentada 1.394 veces
  • La puntuación promedio es 53 de 101
Estadísticas de respuestas
Pista Respuesta % Correcto
Rey de los dioses Zeus
99%
Dios del mar Poseidón
96%
Dios del inframundo Hades
94%
Hermana y esposa del anterior Hera
94%
Dios de la guerra Ares
90%
Principal héroe de los griegos durante la Guerra de Troya Aquiles
89%
Diosa del amor y la belleza Afrodita
86%
Diosa de la sabiduría Atenea
83%
Perro de tres cabezas que guarda el inframundo Cerbero
81%
Una de las anteriores fue decapitada Medusa
81%
Medio hombre, medio toro que vivía en el laberinto Minotauro
81%
Diosa que fue secuestrada por el anterior Perséfone
80%
Dios cuyo oráculo fue encontrado en Delfos Apolo
79%
Diosa de la caza y la luna Artemisa
79%
Criatura mitad humana, mitad caballo Centauro
78%
Dios mensajero con sandalias aladas Hermes
78%
Criatura gigante de un solo ojo Cíclope
77%
Semidiós musculoso que realizó doce trabajos Heracles
77%
Antiguo dios supremo que devoró a sus hijos Crono
75%
Caballo alado Pegaso
75%
Mujer secuestrada por el anterior Helena
73%
Diosa primordial de la Tierra Gaia
72%
Montaña donde residen los dioses Olimpo
71%
Dios del amor y el sexo Eros
70%
Ella abrió una caja que contenía todos los problemas del mundo Pandora
70%
Criaturas que atraían a los marineros a su muerte con sus irresistibles cantos Sirenas
70%
Príncipe troyano que disparó al anterior en el talón. Paris
69%
El astuto rey de Ítaca que construyó el Caballo de Troya Ulises
69%
Dios de la forja y el fuego Hefesto
68%
Héroe que mató a la anterior Perseo
68%
Hijo del anterior que sopla una caracola como trompeta Tritón
67%
Dios primordial del cielo Urano
67%
Diosa de la cosecha y la fertilidad Deméter
65%
Rey con el "toque dorado" Midas
64%
Comúnmente representado sosteniendo el mundo sobre sus hombros Atlas
63%
Dios del vino Dioniso
63%
Hijo del anterior que voló demasiado cerca del sol Ícaro
61%
Abismo profundo donde los anteriores están ahora encarcelados Tártaro
61%
Raza de mujeres guerreras Amazonas
60%
Criatura híbrida que se come a aquellos que no pueden responder su acertijo Esfinge
60%
Término para la generación anterior de deidades que incluía al anterior Titán
60%
Principal héroe troyano Héctor
58%
Se enamoró de su propio reflejo Narciso
58%
Esposa del anterior Rea
57%
Diosa virgen del hogar Hestia
56%
Nueve diosas inspiradoras de la ciencia, la literatura y las artes Musas
55%
Lugar para los héroes en la vida después de la muerte Campos {Elíseos}
54%
Esposa del anterior; el nombre de una galaxia lleva su nombre Andrómeda
53%
Personificación del sol que conduce un carro por el cielo Helios
53%
Creó a los hombres y les dio el fuego Prometeo
53%
Rey maldito a matar a su padre y casarse con su madre Edipo
52%
Monstruo de varias cabezas. Cuando se corta una cabeza, en su lugar crecen dos Hidra
51%
Término para una deidad femenina menor de la naturaleza Ninfa
50%
Héroe que mató al anterior Teseo
50%
La esposa del anterior Penélope
49%
Construyó el laberinto para el anterior, fue encarcelado dentro de él, pero escapó con alas hechas de cera Dédalo
48%
Rey legendario de Creta Minos
48%
Diosa alada de la victoria Niké
48%
Cazador cuyo cinturón se ve en las estrellas hoy en día Orión
47%
Tipo de criatura con cabello hecho de serpientes cuya mirada convertía a los hombres en piedra Gorgona
46%
Héroe que buscó el vellocino de oro Jasón
45%
Personificación de la noche Nix
45%
Personificación de la muerte Tánatos
45%
El vacío que existía antes de la creación del cielo y la tierra Caos
44%
Híbrido de león, cabra y serpiente. Hoy en día una palabra que se refiere a cualquier criatura híbrida Quimera
44%
Rey de Micenas. Principal líder griego durante la Guerra de Troya. Agamenón
43%
Río que forma la frontera del inframundo Estigia
42%
Hechicera insular que convertía a los hombres en cerdos Circe
41%
Princesa fenicia secuestrada por Zeus en forma de toro Europa
41%
Cuerpo de león, cabeza y alas de águila Grifo
40%
Barco navegado por el mencionado anteriormente Argo
39%
Podía encantar incluso a las piedras con su música Orfeo
39%
Personificación de la luna Selene
39%
Criatura fea mitad mujer / mitad pájaro Arpía
37%
Diosa de la discordia Eris
37%
El más sabio de los mencionados anteriormente, hábil en medicina Quirón
37%
Personificación del sueño Hipnos
35%
Rey de Troya Príamo
33%
Personificación del miedo Fobos
32%
Serpiente asesinada por el anterior Pitón
31%
Amante mortal muy apuesto de la anterior Adonis
30%
Ella mantuvo al astuto rey en una isla y le ofreció hacerlo inmortal Calipso
30%
Héroe troyano que fue el padre del pueblo romano Eneas
30%
Diosa del alma; consorte del anterior Psique
30%
Dios de la medicina que lleva una vara enroscada con una serpiente Asclepio
28%
Dotada de profecía, fue maldecida para nunca ser creída Casandra
26%
Los marineros podrían encontrarse entre estos dos monstruos marinos Escila
26%
Dios del ganado y la fertilidad que también tiene una erección perpetua Príapo
26%
Los marineros podrían encontrarse entre estos dos monstruos marinos Caribdis
25%
Gemelos que juntos forman la constelación Géminis Cástor
22%
Hechicera que ayudó y se casó con el buscador del vellocino de oro Medea
22%
Diosa que castiga a las personas con demasiado orgullo Némesis
22%
Personificación del río que rodea la Tierra Océano
21%
Gemelos que juntos forman la constelación Géminis Pólux
20%
Criatura con cola de caballo y una erección perpetua Sátiro
20%
Personificación del amanecer Eos
19%
Planta que causaba que la gente durmiera en una apatía pacífica Loto
17%
Madre del anterior Yocasta
17%
Héroe que montó al anterior Belerofonte
16%
Rey de Pilo que poseía una gran copa que solo él podía levantar Néstor
15%
Tres hermanas enfadadas que castigan a los que rompen sus juramentos Erinias
8%
No se encontraron pruebas coincidentes
Distribución de puntuación
Porcentaje de gente con cada puntuación
Porcentaje por número respondido
Historial de tus puntuaciones
No has intentado esta prueba.